AH International Schools' Libraries

Glitter bird / (Record no. 48766)

MARC details
000 -LEADER
fixed length control field 00303nam a2200121 4500
020 ## - INTERNATIONAL STANDARD BOOK NUMBER
International Standard Book Number 9781408329023
100 ## - MAIN ENTRY--PERSONAL NAME
Personal name Banks, Rosie
9 (RLIN) 54347
245 ## - TITLE STATEMENT
Title Glitter bird /
Statement of responsibility, etc Rosie Banks
260 ## - PUBLICATION, DISTRIBUTION, ETC. (IMPRINT)
Place of publication, distribution, etc London
Name of publisher, distributor, etc Orchard Books
Date of publication, distribution, etc 2014
300 ## - PHYSICAL DESCRIPTION
Extent 115 p.
Other physical details ill.
Dimensions 20 cm.
490 ## - SERIES STATEMENT
Series statement Secret Kingdom
942 ## - ADDED ENTRY ELEMENTS (KOHA)
Source of classification or shelving scheme
Koha item type Book
Holdings
Withdrawn status Lost status Source of classification or shelving scheme Damaged status Not for loan Collection code Home library Current library Shelving location Date acquired Full call number Barcode Date last seen Price effective from Koha item type Public note
          TEACHERS' RESOURCES Asian Hope Early Years Library Asian Hope Early Years Library Junior Fiction 03/31/2025 CB FIC BAN 206390 03/31/2025 03/31/2025 Book YEAR 1 BOOK

For any Logos Library related questions please contact Miss Art at swongnarasuk@asianhope.org.

For any Asian Hope Library related questions please contact Miss Raza at graza@asianhope.org.

Powered by Koha